| 000 | 00673nam a2200229 a 4500 | ||
|---|---|---|---|
| 001 | 000009735 | ||
| 005 | 20240412074212.0 | ||
| 008 | 091001s2002 dr 000 0 spa d | ||
| 020 | _a9993402931 | ||
| 040 |
_aDO-SdBNP _bspa _cBNPHU |
||
| 041 | 0 | 7 |
_aspa _aeng |
| 082 |
_aRD861.44 _bB369y |
||
| 100 | 1 |
_aBeatto, Sabat _924639 |
|
| 245 | 1 | 0 |
_aYa nadie cuenta las estrellas / _cSabat Beatto. |
| 260 |
_aSanto Domingo : _bCocolo, _c2002. |
||
| 300 |
_a78 p. ; _c22 cm. |
||
| 500 | _aTexto en inglés y español | ||
| 590 | _aInventariado, 2018/LP | ||
| 650 | 0 |
_aPoesía dominicana _966 |
|
| 650 | 0 |
_aLiteratura dominicana. _967 |
|
| 910 | _aValidado. Control de calidad BNPHU | ||
| 999 |
_c9495 _d9495 |
||